=LDR 00000nam 2200000 4500 =001 INLIS000000000029682 =005 20130612131909 =008 ***********************************ind** =035 ##$$0010-061300000029682 =041 ##$$a ind =082 ##$$a 658.31 =090 ##$$a 658.31, MUN p =100 ##$$a Munir, A.S =245 ##$$a Pendekatan manusiawi dan organisasi terhadap pembinaan kepegawaian, A.S. Moenir =260 ##$$a 1983 $b Jakarta =300 ##$$a vii, 327 hlm., 21 cm =650 ##$$a Manajemen Organisasi =850 ##$$a NBPNMAT